000 00894nam a2200253Ia 4500
003 OSt
005 20220923221108.0
006 a|||||r|||| 00| 0
007 ta
008 220922b |||||||| |||| 00| 0 hin d
024 _a195,025
037 _cTextual
040 _aARTS
_cARTS
_bhin
041 _2hin
_ahin
082 _aO152,3M80:g, N8
100 _aप्रकाश, कलावती
245 0 _aप्रेमचन्द एवं समकालीन भारतीय उपन्यासकार
246 _aPremachanda evan samakālīn bhāratīya upanyāsakāra
260 _aजयपुर
_b साहित्यागार
_c1998
300 _a410पृ.
_ccm.
650 _aहिन्दी साहित्य
_9156264
942 _hO152,3M80:g, N8
_cTEXL
_2CC
999 _c347288
_d347288